Normal view
MARC view
Entry Personal Name
001 - CONTROL NUMBER
- control field: 61425
003 - CONTROL NUMBER IDENTIFIER
- control field: dpl
005 - DATE AND TIME OF LATEST TRANSACTION
- control field: 20240130120731.0
008 - FIXED-LENGTH DATA ELEMENTS
- fixed length control field: 240130|| aca||aabn | a|a d
040 ## - CATALOGING SOURCE
- Original cataloging agency: dpl
- Transcribing agency: dpl
100 ## - HEADING--PERSONAL NAME
- Personal name: Churchill, Winston,
- Dates associated with a name: 1874-1965
670 ## - SOURCE DATA FOUND
- Source citation: Work cat.: (dpl)200444: Tanwar, Raghuvendra 61424, The Story Of Indian Partition/ , 2021
